Normal view
MARC view
- Luque S., Alberto
Entry Nombre Personal
001 - NUMERO DE CONTROL
- campo de control: 31466
003 - IDENTIFICADOR DE NUMERO DE CONTROL
- campo de control: MX-MxUPN
005 - FECHA Y HORA DE LA ÜLTIMA TRANSACCIÓN
- campo de control: 20240618103540.0
008 - DATOS DE LONGITUD FIJA
- campo de control de longitud fija: 240618n||acnnnaabn | aaa |d
035 ## - NUMERO DE CONTROL
- Número de control: UPN11000003572
040 ## - FUENTE DE CATALOGACIÓN
- Agencia de transcripción: MX-MxUPN
- Lenguaje de catalogación: spa
- Agencia original de catalogación: MX-MxUPN
100 1# - ENCABEZAMIENTO - NOMBRE PERSONAL
- Nombre personal: Luque S., Alberto
374 ## - OCUPACIÓN
- Occupation: Profesor
670 ## - FUENTE EN LA QUE SE LOCALIZARON DATOS
- Cita de la fuente: T
- Información localizada: Aplicaciones geométricas : programa mínimo segundo año
670 ## - FUENTE EN LA QUE SE LOCALIZARON DATOS
- Cita de la fuente: Civismo : orientación y práctica : programa mínimo para cuarto año, [1930] :
- Información localizada: portada (Prof. Alberto Luque S.)
902 ## - CATALOGADOR
- Catalogador: CAA/201011
